[Event "Reykjavik Open"]
[Site "Reykjavik ISL"]
[Date "2017.04.26"]
[EventDate "2017.04.19"]
[Round "9.3"]
[Result "1/2-1/2"]
[White "Abhijeet Gupta"]
[Black "Nils Grandelius"]
[WhiteElo "2607"]
[BlackElo "2641"]
[PlyCount "93"]

1. d4 d5 2. c4 c6 3. Nf3 Nf6 4. Nc3 dxc4 5. a4 e6 6. e3 c5
7. Bxc4 cxd4 8. Qxd4 Qxd4 9. Nxd4 Bd7 10. Ncb5 Kd8 11. O-O a6
12. Na3 Nc6 13. Nxc6+ Bxc6 14. Rd1+ Ke8 15. Nc2 Rc8 16. b3 Bd5
17. Na3 Bc5 18. Bb2 Bxc4 19. Nxc4 Ke7 20. Kf1 Rhd8 21. Rxd8
Kxd8 22. Ne5 Rc7 23. Rc1 Ne4 24. f3 Nd6 25. e4 f6 26. Nd3 Bb6
27. Rxc7 Kxc7 28. Ke2 Kd7 29. g4 e5 30. Nb4 Ne8 31. Nd5 Bg1
32. h4 Nc7 33. Nxc7 Kxc7 34. Kd3 Bf2 35. h5 Kc6 36. g5 Kd6
37. g6 hxg6 38. hxg6 b5 39. Bc1 Ke6 40. Ba3 f5 41. Bf8 fxe4+
42. Kxe4 Kf6 43. axb5 axb5 44. Bd6 Bg3 45. Kd5 Kxg6 46. Bxe5
Bxe5 47. Kxe5 1/2-1/2

[Event "Reykjavik Open"]
[Site "Reykjavik ISL"]
[Date "2017.04.26"]
[EventDate "2017.04.19"]
[Round "9.4"]
[Result "0-1"]
[White "Joshua E Friedel"]
[Black "Sergei Movsesian"]
[WhiteElo "2524"]
[BlackElo "2677"]
[PlyCount "86"]

1. d4 Nf6 2. c4 e6 3. Nc3 Bb4 4. Nf3 d5 5. cxd5 exd5 6. Qa4+
Nc6 7. Bg5 h6 8. Bxf6 Qxf6 9. e3 O-O 10. Be2 Rd8 11. O-O a6
12. Rfc1 Be6 13. Qd1 Bd6 14. Na4 Ne7 15. Nc5 Bc8 16. b4 Ng6
17. Ne1 Qe7 18. g3 Nf8 19. a4 Nh7 20. Ned3 Nf6 21. b5 axb5
22. axb5 Rxa1 23. Rxa1 b6 24. Na6 Ne4 25. Rc1 c5 26. dxc5 bxc5
27. Bf3 Bb7 28. Bg2 c4 29. Nf4 d4 30. exd4 Bxf4 31. gxf4 Qh4
32. Rc2 Qf6 33. Rxc4 Nd6 34. Rc6 Bxc6 35. bxc6 Qxf4 36. d5 Ra8
37. Qd3 Re8 38. Qc3 Qa4 39. Bf1 Qd1 40. Qd3 Qc1 41. Nb4 Re5
42. h4 Re4 43. Nc2 Rg4+ 0-1

[Event "Reykjavik Open"]
[Site "Reykjavik ISL"]
[Date "2017.04.26"]
[EventDate "2017.04.19"]
[Round "9.13"]
[Result "1/2-1/2"]
[White "Dmitry Andreikin"]
[Black "Sarin Nihal"]
[WhiteElo "2734"]
[BlackElo "2424"]
[PlyCount "129"]

1. e4 c6 2. c4 d5 3. cxd5 cxd5 4. exd5 Nf6 5. Nc3 Nxd5 6. Nf3
Nc6 7. d4 Bg4 8. Qb3 Bxf3 9. gxf3 e6 10. Qxb7 Nxd4 11. Bb5+
Nxb5 12. Qc6+ Ke7 13. Qxb5 Qd7 14. Nxd5+ Qxd5 15. Bg5+ f6
16. Qxd5 exd5 17. Be3 Ke6 18. O-O-O Bb4 19. Rhg1 g6 20. a3
Rhc8+ 21. Kb1 Bc5 22. Rge1 Bxe3 23. Rxe3+ Kd6 24. Rde1 Rc4
25. Re6+ Kc5 26. Rxf6 Rh4 27. b4+ Kc4 28. Rc6+ Kd4 29. Kb2
Rxh2 30. Rc2 Rf8 31. Rd2+ Kc4 32. Rc2+ Kd4 33. Rd2+ Kc4
34. Rc1+ Kb5 35. Rxd5+ Kb6 36. Rd6+ Kb7 37. Rd7+ Kb6 38. Rcd1
Rxf2+ 39. Kb3 R2xf3+ 40. Ka4 R3f6 41. Rxh7 R8f7 42. Rxf7 Rxf7
43. Rd6+ Kb7 44. Rxg6 a6 45. Rg3 Kb6 46. Kb3 Rh7 47. a4 Kb7
48. Rg5 Kb6 49. Rg6+ Kb7 50. Kc4 Rc7+ 51. Kd5 Rh7 52. Re6 Rg7
53. Kd6 Kb6 54. Re5 Rg6+ 55. Kd5 Rg7 56. Re6+ Kb7 57. a5 Rg5+
58. Re5 Rxe5+ 59. Kxe5 Kc6 60. Kd4 Kd6 61. b5 axb5 62. a6 Kc6
63. a7 Kb7 64. Kc5 Kxa7 65. Kxb5 1/2-1/2

[Event "Reykjavik Open"]
[Site "Reykjavik ISL"]
[Date "2017.04.26"]
[EventDate "2017.04.19"]
[Round "9.17"]
[Result "1/2-1/2"]
[White "Pierre Bailet"]
[Black "Lance Henderson de La Fuente"]
[WhiteElo "2510"]
[BlackElo "2372"]
[PlyCount "140"]

1. c4 Nf6 2. g3 e5 3. Bg2 Bc5 4. Nc3 Nc6 5. a3 a6 6. e3 O-O
7. Nge2 d6 8. O-O Ba7 9. h3 Ne7 10. b4 d5 11. cxd5 Nexd5
12. Nxd5 Nxd5 13. Bb2 Re8 14. Qc2 c6 15. d4 exd4 16. Nxd4 Qg5
17. h4 Qh5 18. Qb3 Bg4 19. Rfe1 Rad8 20. a4 Nc7 21. Rac1 Qg6
22. Qc4 h5 23. Bf1 Qd6 24. Bg2 Bb6 25. Nb3 Qd3 26. Nc5 Qxc4
27. Rxc4 Bxc5 28. bxc5 Rd2 29. Bd4 a5 30. Rb1 Rd1+ 31. Rxd1
Bxd1 32. Bc3 Bb3 33. Rf4 Ne6 34. Re4 Bc2 35. Re5 f6 36. Rxe6
Rxe6 37. Bh3 Re7 38. Bxa5 Bxa4 39. Bd8 Re5 40. Bb6 Bd1 41. Bg2
g5 42. hxg5 fxg5 43. Kf1 g4 44. Ke1 Bf3 45. Bf1 Kf8 46. Bc4
Ke7 47. Kd2 Kd7 48. Kc3 h4 49. gxh4 Rh5 50. Bd3 Bd5 51. Kd4
Rxh4 52. Ke5 Be6 53. Kf4 Rh2 54. f3 Rf2 55. Be4 gxf3 56. Bxf3
Bc4 57. Kg3 Rf1 58. e4 Bd3 59. Bg2 Rf7 60. Bh3+ Ke7 61. Bf5
Bc4 62. Bg4 Be6 63. Bf3 Kd7 64. Bh5 Rf1 65. Bf3 Rb1 66. Kf4
Rb3 67. Be2 Rb2 68. Bf3 Rc2 69. Ke5 Rf2 70. Bh5 Rh2 1/2-1/2

[Event "Reykjavik Open"]
[Site "Reykjavik ISL"]
[Date "2017.04.27"]
[EventDate "2017.04.18"]
[Round "10.14"]
[Result "0-1"]
[White "Sarin Nihal"]
[Black "Hannes Stefansson"]
[WhiteElo "2424"]
[BlackElo "2566"]
[PlyCount "92"]

1. Nf3 Nf6 2. c4 c6 3. d4 d5 4. e3 Bg4 5. h3 Bh5 6. Nc3 e6
7. g4 Bg6 8. Ne5 Nbd7 9. h4 dxc4 10. Nxd7 Qxd7 11. Bxc4 h5
12. g5 Nd5 13. Bd3 Bb4 14. Qc2 Bxd3 15. Qxd3 c5 16. Bd2 Rc8
17. dxc5 Nxc3 18. Qxd7+ Kxd7 19. Bxc3 Bxc3+ 20. bxc3 Rxc5
21. O-O-O+ Ke7 22. Kb2 Rd8 23. Rxd8 Kxd8 24. Rd1+ Ke7 25. Rd4
e5 26. Rb4 b6 27. a4 f6 28. gxf6+ Kxf6 29. f4 exf4 30. Rxf4+
Rf5 31. Rc4 Re5 32. e4 Rc5 33. Rd4 g5 34. hxg5+ Kxg5 35. Kc2
h4 36. Rd1 h3 37. Kd3 Kf4 38. Kd4 Rc8 39. Rf1+ Kg3 40. e5 h2
41. e6 Kg2 42. Ra1 h1=Q 43. Rxh1 Kxh1 44. c4 Kg2 45. Kd5 Kf3
46. e7 Ke3 0-1

[Event "Reykjavik Open"]
[Site "Reykjavik ISL"]
[Date "2017.04.27"]
[EventDate "2017.04.18"]
[Round "10.9"]
[Result "1/2-1/2"]
[White "Alexander Beliavsky"]
[Black "Aman Hambleton"]
[WhiteElo "2597"]
[BlackElo "2434"]
[PlyCount "67"]

1. d4 Nf6 2. c4 e6 3. g3 d5 4. Bg2 Bb4+ 5. Bd2 Bd6 6. Nf3 c6
7. Qc2 Ne4 8. O-O O-O 9. Bf4 Bxf4 10. gxf4 Nd7 11. Nc3 Nd6
12. c5 Nf5 13. b4 b6 14. Rfd1 a5 15. a3 Qc7 16. e3 axb4
17. axb4 Bb7 18. Na4 b5 19. Nc3 Rxa1 20. Rxa1 Ra8 21. Rxa8+
Bxa8 22. Qa2 Bb7 23. Qa7 Qb8 24. Qa5 Qa8 25. Qxa8+ Bxa8 26. e4
dxe4 27. Nxe4 Nf6 28. Nxf6+ gxf6 29. Kf1 Bb7 30. Ke2 Bc8
31. Kd3 Ne7 32. Nd2 Nd5 33. Bxd5 exd5 34. Nf1 1/2-1/2

[Event "Reykjavik Open"]
[Site "Reykjavik ISL"]
[Date "2017.04.27"]
[EventDate "2017.04.18"]
[Round "10.13"]
[Result "1-0"]
[White "Johan-Sebastian Christiansen"]
[Black "Gawain Jones"]
[WhiteElo "2429"]
[BlackElo "2671"]
[PlyCount "94"]

1. Nf3 c5 2. c4 g6 3. g3 Bg7 4. Bg2 Nc6 5. Nc3 e5 6. O-O Nge7
7. a3 O-O 8. Rb1 d5 9. cxd5 Nxd5 10. Nxe5 Nxc3 11. Nxc6 Nxe2+
12. Qxe2 bxc6 13. d3 Bf5 14. Be4 Re8 15. Be3 Bxe4 16. dxe4
Rxe4 17. Qc2 Qe8 18. Qxc5 h5 19. Rfc1 Rd8 20. Rd1 Rxd1+
21. Rxd1 h4 22. Qxa7 h3 23. Qb6 Kh7 24. Qb3 Bd4 25. Rd3 c5
26. Kf1 Re7 27. Qc4 Qa8 28. Ke2 Qe4 29. b4 Qg4+ 30. f3 Qg5
31. Qxf7+ Bg7 32. Qf4 Qxf4 33. gxf4 c4 34. Rd5 Bb2 35. a4 c3
36. Rc5 c2 37. Rxc2 Bd4 38. Kd3 Bxe3 39. Re2 Rb7 40. Kxe3 Rxb4
41. Ra2 Rb3+ 42. Ke4 Rb4+ 43. Ke5 Rb1 44. a5 Rg1 45. a6 Rg2
46. Ra1 Rxh2 47. a7 Re2+ 1-0

[Event "Reykjavik Open"]
[Site "Reykjavik ISL"]
[Date "2017.04.27"]
[EventDate "2017.04.18"]
[Round "10.16"]
[Result "1/2-1/2"]
[White "Helgi Dam Ziska"]
[Black "Bjorn Ahlander"]
[WhiteElo "2553"]
[BlackElo "2416"]
[PlyCount "81"]

1. e4 c5 2. Nf3 d6 3. Bb5+ Nd7 4. O-O a6 5. Bd3 Ngf6 6. Re1 b5
7. a4 Bb7 8. axb5 axb5 9. Rxa8 Qxa8 10. Bxb5 Bxe4 11. Nc3 Bxf3
12. Qxf3 Qxf3 13. gxf3 e6 14. d3 Kd8 15. Bf4 g5 16. Bg3 h5
17. h4 gxh4 18. Bxh4 Kc7 19. Ra1 Kb7 20. Kf1 Rh6 21. Ne4 Nxe4
22. fxe4 Ne5 23. Ke2 Ng6 24. Bg3 Be7 25. c3 h4 26. Bh2 Rh8
27. f4 Bf6 28. Bc4 Rb8 29. Ke3 Nf8 30. f5 Rd8 31. d4 cxd4+
32. cxd4 d5 33. exd5 exd5 34. Bb3 Nh7 35. Kd3 Bg5 36. Ra5 Nf6
37. Be5 h3 38. Bxf6 Bxf6 39. Rxd5 h2 40. Rxd8 Bxd8 41. Bd5+
1/2-1/2

[Event "Reykjavik Open"]
[Site "Reykjavik ISL"]
[Date "2017.04.27"]
[EventDate "2017.04.18"]
[Round "10.18"]
[Result "1/2-1/2"]
[White "Joshua E Friedel"]
[Black "Tuvshintugs Batchimeg"]
[WhiteElo "2524"]
[BlackElo "2394"]
[PlyCount "82"]

1. Nf3 Nf6 2. c4 g6 3. g3 Bg7 4. Bg2 O-O 5. O-O d6 6. d4 Nc6
7. Nc3 Bg4 8. h3 Bxf3 9. Bxf3 Nd7 10. e3 e5 11. d5 Ne7 12. e4
f5 13. h4 f4 14. Bg4 Kh8 15. Rb1 Ng8 16. b4 Nh6 17. Be6 a5
18. a3 axb4 19. axb4 Nf6 20. Rb3 Ra1 21. Qd3 Nh5 22. Ra3 Rxa3
23. Bxa3 fxg3 24. fxg3 Rxf1+ 25. Kxf1 Qf6+ 26. Ke2 g5 27. Qf3
Qg6 28. Bf5 g4 29. Bxg6 gxf3+ 30. Kxf3 hxg6 31. Nb5 Nf7
32. Nxc7 Nd8 33. Bc1 Bf6 34. c5 Be7 35. Be3 Ng7 36. Nb5 dxc5
37. bxc5 Kg8 38. Na3 Ne8 39. Nc4 Bf6 40. g4 Bxh4 41. Nxe5 Kg7
1/2-1/2

[Event "Reykjavik Open"]
[Site "Reykjavik ISL"]
[Date "2017.04.27"]
[EventDate "2017.04.18"]
[Round "10.19"]
[Result "1-0"]
[White "Dronavalli Harika"]
[Black "Jakob Pfreundt"]
[WhiteElo "2521"]
[BlackElo "2392"]
[PlyCount "87"]

1. e4 e5 2. Nf3 Nc6 3. Bc4 Nf6 4. d3 Bc5 5. O-O O-O 6. Re1 h6
7. c3 d6 8. h3 a6 9. Bb3 Ba7 10. Nbd2 Nh5 11. Nf1 Qf6 12. Be3
Bxe3 13. fxe3 Qg6 14. Kh2 Nf6 15. Ng3 h5 16. Qe2 Qh6 17. Nh4
Qg5 18. Nf3 Qh6 19. Nh4 Qg5 20. Ngf5 Bxf5 21. Nxf5 Kh7 22. Rf1
g6 23. Rf3 gxf5 24. Rxf5 Qg6 25. Raf1 Ng8 26. Bxf7 Qg7
27. Qxh5+ Nh6 28. Rf6 Ne7 29. g4 Ng8 30. Bxg8+ Kxg8 31. g5
Rxf6 32. Rxf6 Qxf6 33. gxf6 Kh7 34. d4 Rf8 35. dxe5 dxe5
36. Qxe5 Kg6 37. Qg3+ Kxf6 38. e5+ Kf7 39. Qf4+ Kg7 40. Qg5+
Kh7 41. e6 Rg8 42. Qe7+ Rg7 43. Qh4 Kg6 44. e7 1-0

[Event "Reykjavik Open"]
[Site "Reykjavik ISL"]
[Date "2017.04.27"]
[EventDate "2017.04.18"]
[Round "10.2"]
[Result "1/2-1/2"]
[White "Nils Grandelius"]
[Black "Zoltan Almasi"]
[WhiteElo "2641"]
[BlackElo "2696"]
[PlyCount "87"]

1. e4 e5 2. Nf3 Nc6 3. Nc3 Nf6 4. Bb5 Bd6 5. d3 O-O 6. O-O h6
7. a3 Re8 8. Be3 Bf8 9. Nd5 d6 10. c4 Nd7 11. Re1 Ncb8 12. Ba4
c6 13. Nc3 Nc5 14. Bc2 Bg4 15. h3 Bxf3 16. Qxf3 Ne6 17. Ne2
Nd7 18. Rad1 g6 19. d4 Qc7 20. Qg3 Bg7 21. b3 Nf6 22. d5 Nc5
23. Nc3 a5 24. Rb1 a4 25. Bxc5 axb3 26. Bxd6 Qxd6 27. Rxb3 Nd7
28. Rxb7 Rxa3 29. Qf3 Rf8 30. Re3 Ra1+ 31. Kh2 h5 32. dxc6
Qxc6 33. Rb4 Rfa8 34. Nd5 Bf8 35. Rb1 Bc5 36. Reb3 Kg7
37. Rxa1 Rxa1 38. Rb1 Ra3 39. Bb3 h4 40. Kg1 Qb7 41. Qd1 Qa7
42. Qf3 Qb8 43. Qd1 Qa7 44. Qf3 1/2-1/2

[Event "Reykjavik Open"]
[Site "Reykjavik ISL"]
[Date "2017.04.27"]
[EventDate "2017.04.18"]
[Round "10.3"]
[Result "1-0"]
[White "Sergei Movsesian"]
[Black "Mustafa Yilmaz"]
[WhiteElo "2677"]
[BlackElo "2614"]
[PlyCount "111"]

1. e4 c5 2. Nf3 d6 3. d4 cxd4 4. Nxd4 Nf6 5. Nc3 a6 6. a4 e5
7. Nf3 Be7 8. Bg5 Be6 9. Bxf6 Bxf6 10. Nd5 Nd7 11. Bc4 Rc8
12. Qe2 Nb6 13. Nxf6+ Qxf6 14. Bxe6 Qxe6 15. O-O O-O 16. Rfd1
Nd7 17. Rd2 Nf6 18. b3 Rc3 19. Rad1 Rd8 20. Rd3 Rxd3 21. Rxd3
Qc8 22. c4 Qc5 23. Rd1 Kf8 24. Qd3 Ke7 25. Ne1 Qc6 26. f3 Rc8
27. Nc2 b5 28. axb5 axb5 29. Ne3 bxc4 30. Nxc4 Qc5+ 31. Kh1
Rd8 32. h3 g6 33. Qd2 Qb5 34. Qe3 Rd7 35. Rd3 Ke6 36. Qg5 Qc5
37. Kh2 h5 38. Rd1 Qc7 39. Ra1 Qd8 40. Kh1 Ne8 41. Qe3 Rb7
42. Ra6 Qb8 43. Qc5 Ke7 44. Nxd6 Nxd6 45. Qxe5+ Kd7 46. Qd5
Rxb3 47. Rxd6+ Ke8 48. Qe5+ Kf8 49. Qh8+ Ke7 50. Qf6+ Ke8
51. e5 Qc7 52. Kh2 Rb8 53. Qh8+ Ke7 54. Qg7 Rb5 55. f4 Rb2
56. Rxg6 1-0

[Event "Reykjavik Open"]
[Site "Reykjavik ISL"]
[Date "2017.04.27"]
[EventDate "2017.04.18"]
[Round "10.6"]
[Result "1-0"]
[White "Abhijeet Gupta"]
[Black "Baadur Jobava"]
[WhiteElo "2607"]
[BlackElo "2712"]
[PlyCount "129"]

1. d4 d5 2. c4 c6 3. Nf3 Nf6 4. Nc3 dxc4 5. a4 a5 6. e3 Bg4
7. Bxc4 e6 8. h3 Bh5 9. g4 Bg6 10. Ne5 Nbd7 11. Nxg6 hxg6
12. Qf3 Bb4 13. Bd2 Qe7 14. Bb3 O-O-O 15. O-O-O Ne8 16. Kb1
Nd6 17. Qe2 g5 18. Rc1 Kb8 19. Na2 Bxd2 20. Qxd2 e5 21. Qxa5
exd4 22. exd4 Qe4+ 23. Ka1 Qxd4 24. Rhd1 Qf4 25. Nb4 Rc8
26. Nd3 Qf6 27. f4 Rxh3 28. fxg5 Qd4 29. Rc3 Ne4 30. Rc4 Qe3
31. Rxe4 Qxe4 32. Nf2 Qf3 33. Nxh3 Qxh3 34. Qb4 Ne5 35. Ka2
Qg3 36. Qd6+ Ka7 37. Rc1 b6 38. a5 Qe3 39. Rc3 Qxg5 40. Bd5
Qf6 41. Qb4 Rb8 42. Ra3 b5 43. g5 Qxg5 44. Qc5+ Ka6 45. Bxc6
Qf6 46. Bd5 Qd8 47. Rc3 f6 48. Be6 g5 49. b4 g4 50. Bc8+ Rxc8
51. Qxc8+ Qxc8 52. Rxc8 f5 53. Rf8 Nd3 54. Rf6+ Ka7 55. Rf7+
Ka6 56. Kb3 f4 57. Kc3 Nc1 58. Rf6+ Ka7 59. Kd2 g3 60. Rxf4
Na2 61. Ke3 Ka6 62. Kf3 g2 63. Kxg2 Nxb4 64. Rxb4 Kxa5 65. Rb1
1-0

[Event "Reykjavik Open"]
[Site "Reykjavik ISL"]
[Date "2017.04.27"]
[EventDate "2017.04.18"]
[Round "10.8"]
[Result "1/2-1/2"]
[White "Konstantin Landa"]
[Black "Abhijit Kunte"]
[WhiteElo "2611"]
[BlackElo "2491"]
[PlyCount "90"]

1. d4 Nf6 2. c4 e6 3. Nc3 Bb4 4. Nf3 c5 5. g3 cxd4 6. Nxd4 O-O
7. Bg2 d5 8. Qb3 Bxc3+ 9. Qxc3 e5 10. Nb3 Nc6 11. Bg5 d4
12. Qf3 h6 13. Bxf6 Qxf6 14. Qxf6 gxf6 15. Bxc6 bxc6 16. Nc5
Kg7 17. f3 Be6 18. b3 a5 19. Kf2 Rfb8 20. Rhc1 Rb4 21. e3 a4
22. exd4 exd4 23. Nxa4 Bxc4 24. a3 Rbxa4 25. bxa4 Rxa4
26. Rcb1 c5 27. Rc1 f5 28. Rc2 Kf6 29. Rac1 Be6 30. Rxc5 Rxa3
31. Rd1 Ra2+ 32. Kg1 Ra4 33. Rd2 Ke7 34. Kg2 Kd6 35. Rb5 Bd5
36. Kf2 Rc4 37. Ra5 Be6 38. Kg2 Bd5 39. Kh3 Bxf3 40. Rxf5 Be4
41. Rxf7 d3 42. Rf8 Ke5 43. Rd8 Bf5+ 44. g4 Rxg4 45. Rf8 Rg8+
1/2-1/2

[Event "Reykjavik Open"]
[Site "Reykjavik ISL"]
[Date "2017.04.27"]
[EventDate "2017.04.18"]
[Round "10.10"]
[Result "0-1"]
[White "Michael Kleinman"]
[Black "Erik Blomqvist"]
[WhiteElo "2289"]
[BlackElo "2548"]
[PlyCount "96"]

1. e4 e5 2. Nf3 Nc6 3. Bb5 a6 4. Ba4 Nf6 5. O-O Be7 6. Re1 b5
7. Bb3 d6 8. c3 O-O 9. h3 Bb7 10. d4 Nd7 11. Nbd2 exd4
12. cxd4 Bf6 13. Nf1 Na5 14. Bc2 Re8 15. Ng3 g6 16. Bh6 Nc4
17. b3 Na3 18. Bd3 c5 19. Qc1 b4 20. Qf4 cxd4 21. Bg5 Bxg5
22. Nxg5 Qf6 23. Qh4 Qg7 24. f4 Nc5 25. Rad1 f6 26. Nf3 f5
27. exf5 Bxf3 28. gxf3 Nxd3 29. Rxe8+ Rxe8 30. Rxd3 Nc2 31. f6
Qc7 32. Ne4 Ne3 33. f7+ Qxf7 34. Nf6+ Kg7 35. Nxe8+ Qxe8
36. Qe1 Qc6 37. Kf2 Qc5 38. Qd2 Nf5 39. Kg2 a5 40. Qf2 Kf7
41. Kh2 Ke6 42. Rd2 Ne3 43. Qe2 Kf7 44. Qf2 Qc3 45. Re2 Qd3
46. Re1 Qf5 47. Rc1 Qxf4+ 48. Qg3 Qxg3+ 0-1

[Event "Reykjavik Open"]
[Site "Reykjavik ISL"]
[Date "2017.04.27"]
[EventDate "2017.04.18"]
[Round "10.11"]
[Result "1-0"]
[White "Konstantin Kavutskiy"]
[Black "Burak Firat"]
[WhiteElo "2347"]
[BlackElo "2503"]
[PlyCount "95"]

1. d4 Nf6 2. c4 e6 3. Nf3 b6 4. g3 Ba6 5. b3 c6 6. Bg2 Bb4+
7. Bd2 Be7 8. O-O O-O 9. Bc3 d5 10. Ne5 Nfd7 11. Nxd7 Nxd7
12. Nd2 b5 13. Re1 bxc4 14. bxc4 Nb6 15. c5 Nc4 16. Rb1 Qc7
17. e4 Rab8 18. exd5 exd5 19. Nf3 Rbe8 20. Bf1 Bf6 21. Ne5
Bxe5 22. dxe5 Qc8 23. Qh5 Na3 24. Bh3 Qc7 25. e6 fxe6 26. Rxe6
Qf7 27. Qxf7+ Kxf7 28. Rbe1 Rxe6 29. Bxe6+ Kg6 30. Bxd5 cxd5
31. Re6+ Kf5 32. Rxa6 Nc2 33. Rd6 Ke4 34. c6 Nd4 35. Bxd4 Kxd4
36. c7 Rc8 37. Rc6 g5 38. Kf1 Kd3 39. Ke1 h5 40. Kd1 h4 41. g4
d4 42. Rc5 Ke4 43. Ke2 d3+ 44. Kd2 h3 45. f3+ Kxf3 46. Kxd3
Kxg4 47. Ke4 a5 48. a4 1-0

[Event "Reykjavik Open"]
[Site "Reykjavik ISL"]
[Date "2017.04.27"]
[EventDate "2017.04.18"]
[Round "10.15"]
[Result "1-0"]
[White "Alexander Donchenko"]
[Black "James Tarjan"]
[WhiteElo "2554"]
[BlackElo "2414"]
[PlyCount "95"]

1. d4 f5 2. g3 Nf6 3. Bg2 e6 4. c4 c6 5. Nh3 d6 6. b3 Qc7
7. Bb2 e5 8. O-O a5 9. Nd2 Na6 10. e4 fxe4 11. Nxe4 Bf5
12. dxe5 Nxe4 13. Bxe4 Bxe4 14. exd6 Bxd6 15. Ng5 Bf5 16. Re1+
Kd7 17. Bxg7 Rhg8 18. Bf6 Kc8 19. Qf3 Qd7 20. Nf7 Qxf7
21. Qxf5+ Qd7 22. Qh5 Kc7 23. Rad1 Rae8 24. Be5 Rxe5 25. Rxe5
Qg7 26. Rf5 Qg6 27. Rf7+ Kb6 28. Qxg6 Rxg6 29. Rxh7 Nc5 30. h4
Ne4 31. Rd4 Re6 32. Rf7 Bc5 33. Rd3 a4 34. bxa4 Ka5 35. Kg2
Kb4 36. Rxb7+ Kxc4 37. Rf3 Bd4 38. a5 Nc3 39. a6 Re2 40. a3
Ra2 41. Rb4+ Kd5 42. Rxc3 Bxc3 43. Ra4 Bd4 44. a7 Rxf2+
45. Kh3 Bxa7 46. Rxa7 c5 47. h5 c4 48. Rc7 1-0

[Event "Reykjavik Open"]
[Site "Reykjavik ISL"]
[Date "2017.04.27"]
[EventDate "2017.04.18"]
[Round "10.23"]
[Result "0-1"]
[White "Sopiko Guramishvili"]
[Black "Bragi Thorfinnsson"]
[WhiteElo "2363"]
[BlackElo "2457"]
[PlyCount "94"]

1. d4 Nf6 2. c4 e6 3. Nc3 Bb4 4. f3 c5 5. d5 exd5 6. cxd5 O-O
7. Nh3 d6 8. Nf2 Qe7 9. e4 Ne8 10. Be2 a6 11. O-O f5 12. exf5
Bxf5 13. f4 b5 14. a4 bxa4 15. Rxa4 Nc7 16. Bf3 Nd7 17. Na2 a5
18. Nxb4 axb4 19. Rxa8 Rxa8 20. Re1 Qf8 21. g4 Bb1 22. f5 Nb5
23. Bf4 Nd4 24. Bg2 Bc2 25. Qd2 Nb6 26. Qe3 Nc4 27. Qg3 Ra1
28. Rxa1 Ne2+ 29. Kf1 Nxg3+ 30. hxg3 Nxb2 31. Be4 Ba4 32. Kg2
Qe8 33. Bxd6 Nd1 34. Bf3 Ne3+ 35. Kg1 Nc2 36. Rb1 Qe3 37. Be4
Na3 38. Bf4 Qd4 39. Re1 Qc3 40. Rc1 Nc2 41. d6 b3 42. Rd1 Nd4
43. Kg2 b2 44. Bd5+ Kf8 45. Rh1 Bc6 46. Bxc6 Nxc6 47. Rd1 Qc2
0-1

[Event "Reykjavik Open"]
[Site "Reykjavik ISL"]
[Date "2017.04.27"]
[EventDate "2017.04.19"]
[Round "10.20"]
[Result "1-0"]
[White "Pierre Bailet"]
[Black "Mark Timmermans"]
[WhiteElo "2510"]
[BlackElo "2385"]
[PlyCount "153"]

1. c4 b6 2. Nc3 Bb7 3. e4 e5 4. g3 Bc5 5. Bg2 Nf6 6. h3 d6
7. Nge2 Nc6 8. d3 O-O 9. O-O Nd7 10. Rb1 a5 11. a3 Bd4
12. Nxd4 Nxd4 13. Be3 c5 14. b4 axb4 15. axb4 Bc6 16. Kh2 Ra3
17. Qc1 Qa8 18. b5 Bb7 19. Ra1 Rxa1 20. Qxa1 Qxa1 21. Rxa1 Ra8
22. Rxa8+ Bxa8 23. h4 Ne6 24. Bh3 Nef8 25. f4 f6 26. Kg2 Kf7
27. Kf2 Ke7 28. Na4 Kd8 29. g4 Kc7 30. g5 exf4 31. Bxf4 Ng6
32. Bg3 Nge5 33. Ke3 fxg5 34. hxg5 h6 35. gxh6 gxh6 36. Bf5
Nf6 37. Bh4 Nfg4+ 38. Kf4 h5 39. Nb2 Nh2 40. Kg5 Nhf3+
41. Kxh5 Nxh4 42. Kxh4 Bb7 43. Kg3 Kd8 44. Kf4 Kc7 45. Ke3 Kd8
46. Nd1 Kc7 47. Nf2 Kd8 48. Nh3 Ke7 49. Nf4 Kd8 50. Be6 Ke7
51. Bg8 Ng4+ 52. Kd2 Ne5 53. Kc3 Nf3 54. Ne6 Kd7 55. Ng7 Ke7
56. Nf5+ Kd7 57. Bd5 Bxd5 58. cxd5 Kc7 59. d4 cxd4+ 60. Nxd4
Ne5 61. Nc6 Nd7 62. Kd4 Nc5 63. Nb4 Kd7 64. Nd3 Nb3+ 65. Kc3
Na5 66. Nf4 Nb7 67. Ne6 Na5 68. Nd4 Nb7 69. Nb3 Ke7 70. Kd4
Kd7 71. Nd2 Kc7 72. Nc4 Nc5 73. e5 dxe5+ 74. Kxe5 Na4 75. Kd4
Kd7 76. Ne5+ Kc7 77. Nd3 1-0